| 000 | 01065nam a2200265Ia 4500 | ||
|---|---|---|---|
| 003 | OSt | ||
| 005 | 20200819190911.0 | ||
| 008 | 191128s2004 ck fr 000 0 spa d | ||
| 020 | _a9586533689 | ||
| 040 |
_aCO-JMCR _cCO-JMCR |
||
| 041 | 0 | _aspa | |
| 082 | 0 | 4 |
_a346.082 / _bM376c _223 |
| 100 | 1 |
_aMartínez Neira, Néstor Humberto, _eautor _98973 |
|
| 245 | 1 | 0 |
_aCátedra de derecho bancario colombiano / _cNéstor Humberto Martínez Neira |
| 250 | _aSegunda edición | ||
| 260 |
_aBogotá : _bLegis, _c2004 |
||
| 300 |
_axxxii, 774 páginas ; _c24 cm. |
||
| 490 | 0 | _aLiteratura jurídica | |
| 504 | _aBibliografía: páginas 769-774 | ||
| 505 | 0 | _aIntroducción al derecho bancario -- Las fuentes formales del derecho bancario -- Intervención estatal en el sector financiero -- Autoridades bancarias -- Sistemas bancarios -- Instituciones bancarias o financieras | |
| 650 | 1 | 4 |
_aDerecho bancario _zColombia _98990 |
| 650 | 1 | 4 |
_aInstituciones financieras _zColombia _98991 |
| 650 | 1 | 4 |
_aSistema financiero _xlegislación _zColombia _98992 |
| 942 |
_2ddc _cBK |
||
| 999 |
_c5778 _d5778 |
||